000 00782cam a22002653a 4500
001 12311
003 PGUSA
005 20140828083247.0
008 040501s2004||||xxu|||||s|||||000 | eng d
040 _aPGUSA
_beng
042 _adc
050 4 _aBT
100 1 _aBrown, John,
_d-1679
245 1 0 _aChrist :
_bThe Way, the Truth, and the Life
_h[electronic resource] /
_cJohn Brown
260 _bProject Gutenberg,
_c2004
506 _aPublic domain in the USA.
516 _aElectronic text
653 _aSanctification
653 _aJesus Christ
653 _aJustification (Christian theology)
653 _aBible. John XIV, 6 -- Criticism, interpretation, etc.
830 0 _aProject Gutenberg
_v12311
856 4 0 _uhttp://www.gutenberg.org/ebooks/12311
942 _cEB
999 _c241566
_d241566